Movies Quiz

Random Movies or Actress Quiz

High School Movies Quiz Stats

 Plays Quiz Updated Dec 21, 2017

Score 0/40 Timer 08:00
2 Plays Today
Year Movie % Correct
2004Mean Girls
82.2%
1978Grease
77.8%
1985The Breakfast Club
77.3%
1984Sixteen Candles
69.8%
1995Clueless
67.2%
199910 Things I Hate About You
66.9%
1985Back to the Future or Teen Wolf
62.2%
1986Ferris Bueller's Day Off
60.5%
1984Footloose
59.7%
1995Billy Madison
58.7%
1986Pretty in Pink
56.7%
2004Napoleon Dynamite
53%
1999American Pie
52.6%
1982Fast Times at Ridgemont High
50.6%
2000Bring It On
50.5%
1983Risky Business or All the Right Moves
50%
1955Rebel Without a Cause
45.8%
1976Carrie
40.1%
1989Say Anything...
39.6%
2001Donnie Darko
38.4%
Year Movie % Correct
1999Varsity Blues
37.4%
2000Remember the Titans
36.2%
1999Cruel Intentions
35.1%
1989Dead Poets Society
33.5%
1989Heathers
29.3%
1995Mr. Holland's Opus
29.1%
1986Hoosiers
26.9%
1985Weird Science
26.4%
1995Dangerous Minds
24.8%
1973American Graffiti
22.4%
1987Can't Buy Me Love
21.5%
2004Friday Night Lights
20.9%
1993Dazed and Confused
20.5%
1989Lean on Me
16.1%
1985Girls Just Want to Have Fun
15.6%
1988Stand and Deliver
15.3%
1985Better Off Dead
13.8%
1998Rushmore
13.7%
1987Some Kind of Wonderful
9%
1986Lucas
8.2%

You're not logged in!

Compare scores with friends on all Sporcle quizzes.
OR
Log In

Show Comments

Extras

Top Quizzes Today


Score Distribution

Your Account Isn't Verified!

In order to create a playlist on Sporcle, you need to verify the email address you used during registration. Go to your Sporcle Settings to finish the process.

Report this User

Report this user for behavior that violates our Community Guidelines.

Details: